Statistics for Developed Countries

Click here to take the quiz!

General Stats

  • This quiz has been taken 48 times
  • The average score is 43 of 51

Answer Stats

TypeCountry% Correct
Fully DevelopedSweden
100%
Fully DevelopedUnited Kingdom
100%
Fully DevelopedDenmark
98%
Fully DevelopedFinland
98%
Fully DevelopedFrance
98%
Fully DevelopedIreland
98%
Fully DevelopedJapan
98%
Fully DevelopedNorway
98%
Fully DevelopedSouth Korea
98%
Fully DevelopedSpain
98%
Fully DevelopedUnited States
98%
Fully DevelopedAustralia
95%
Fully DevelopedGreece
95%
Fully DevelopedNetherlands
95%
Fully DevelopedBelgium
93%
Fully DevelopedCanada
93%
Fully DevelopedGermany
93%
Fully DevelopedIceland
93%
Fully DevelopedItaly
93%
Considered DevelopedPoland
93%
Fully DevelopedPortugal
93%
Fully DevelopedSwitzerland
93%
Fully DevelopedAustria
91%
In ProcessCroatia
91%
Fully DevelopedNew Zealand
91%
Fully DevelopedLuxembourg
88%
In ProcessUnited Arab Emirates
86%
Fully DevelopedEstonia
84%
Considered DevelopedSingapore
84%
Fully DevelopedSlovakia
84%
Fully DevelopedSlovenia
84%
Fully DevelopedCzech Republic
81%
Considered DevelopedHungary
81%
Fully DevelopedLatvia
81%
Fully DevelopedLithuania
81%
In ProcessRomania
79%
In ProcessTurkey
79%
Fully DevelopedIsrael
77%
In ProcessQatar
77%
Considered DevelopedChile
70%
In ProcessKuwait
70%
Considered DevelopedMalta
70%
In ProcessBahrain
67%
Considered DevelopedCyprus
67%
In ProcessSaudi Arabia
67%
In ProcessOman
65%
In ProcessSan Marino
60%
In ProcessUruguay
60%
In ProcessBrunei
56%
In ProcessBahamas
47%
In ProcessSeychelles
28%

Score Distribution

Percentile by Number Answered

Percent of People with Each Score

Your Score History

You have not taken this quiz